| 000 | 00629nam a2200241Ia 4500 | ||
|---|---|---|---|
| 005 | 20250425161828.0 | ||
| 008 | 250425s9999 xx 000 0 und d | ||
| 020 | _a9978044566 | ||
| 041 | _aspa | ||
| 043 | _aec | ||
| 082 | _a352.0073 | ||
| 100 | _aREAL LOPEZ, BYRON | ||
| 245 | 0 | _aDESCENTRALIZACION Y PARTICIPACION SOCIAL. EN LA GESTION DE LOS RECURSOS NATURALES RENOVABLES | |
| 250 | _a1A ED. | ||
| 260 |
_aEcuador _bABYA -YALA _c1999 |
||
| 260 | _aQUITO | ||
| 300 | _a121 | ||
| 650 | _aDESCENTRALIZACION | ||
| 650 | _aGESTION ADMINISTRATIVA | ||
| 650 | _aRECURSOS NATURALES | ||
| 942 | _c01 | ||
| 010 | _a31395 | ||
| 999 |
_c216947 _d216947 |
||